000
00352nam a22001577a 4500
005
20241121114147.0
008
241121b |||||||| |||| 00| 0 eng d
020
_a
94833024
040
_a
04
082
_a
364 SRI
100
_a
DR, S.S. SRIVASTAVA
245
_a
CRIMINOLOGY, PENOLOGY & VICTIMOLOGY
260
_a
CLA
300
_a
646
942
_c
02
999
_c
64596
_d
64596